<?xml version="1.0" encoding="UTF-8"?>
<record
    xmlns:xsi="http://www.w3.org/2001/XMLSchema-instance"
    xsi:schemaLocation="http://www.loc.gov/MARC21/slim http://www.loc.gov/standards/marcxml/schema/MARC21slim.xsd"
    xmlns="http://www.loc.gov/MARC21/slim">

  <leader>01528nam a22002417a 4500</leader>
  <controlfield tag="003">NALT</controlfield>
  <controlfield tag="005">20210921140439.0</controlfield>
  <controlfield tag="008">210608b        th ||||| |||| 00| 0 tha d</controlfield>
  <datafield tag="020" ind1=" " ind2=" ">
    <subfield code="a">9786169343325</subfield>
  </datafield>
  <datafield tag="040" ind1=" " ind2=" ">
    <subfield code="a">NALT</subfield>
  </datafield>
  <datafield tag="041" ind1=" " ind2=" ">
    <subfield code="a">tha</subfield>
  </datafield>
  <datafield tag="090" ind1=" " ind2=" ">
    <subfield code="a">KD 301.3</subfield>
    <subfield code="b">&#xE1C;749&#xE04; 2564</subfield>
  </datafield>
  <datafield tag="110" ind1="2" ind2=" ">
    <subfield code="9">41471</subfield>
    <subfield code="a">&#xE2A;&#xE33;&#xE19;&#xE31;&#xE01;&#xE07;&#xE32;&#xE19;&#xE1C;&#xE39;&#xE49;&#xE15;&#xE23;&#xE27;&#xE08;&#xE01;&#xE32;&#xE23;&#xE41;&#xE1C;&#xE48;&#xE19;&#xE14;&#xE34;&#xE19;.</subfield>
    <subfield code="b">&#xE2A;&#xE33;&#xE19;&#xE31;&#xE01;&#xE01;&#xE0E;&#xE2B;&#xE21;&#xE32;&#xE22;&#xE41;&#xE25;&#xE30;&#xE04;&#xE14;&#xE35;</subfield>
  </datafield>
  <datafield tag="245" ind1="1" ind2="0">
    <subfield code="a">&#xE04;&#xE33;&#xE27;&#xE34;&#xE19;&#xE34;&#xE08;&#xE09;&#xE31;&#xE22;&#xE1C;&#xE39;&#xE49;&#xE15;&#xE23;&#xE27;&#xE08;&#xE01;&#xE32;&#xE23;&#xE41;&#xE1C;&#xE48;&#xE19;&#xE14;&#xE34;&#xE19; &#xE1E;&#xE38;&#xE17;&#xE18;&#xE28;&#xE31;&#xE01;&#xE23;&#xE32;&#xE0A; 2562 : </subfield>
    <subfield code="b">&#xE01;&#xE23;&#xE13;&#xE35;&#xE40;&#xE01;&#xE35;&#xE48;&#xE22;&#xE27;&#xE01;&#xE31;&#xE1A;&#xE1B;&#xE31;&#xE0D;&#xE2B;&#xE32;&#xE04;&#xE27;&#xE32;&#xE21;&#xE0A;&#xE2D;&#xE1A;&#xE14;&#xE49;&#xE27;&#xE22;&#xE23;&#xE31;&#xE10;&#xE18;&#xE23;&#xE23;&#xE21;&#xE19;&#xE39;&#xE0D;&#xE41;&#xE25;&#xE30;&#xE01;&#xE0E;&#xE2B;&#xE21;&#xE32;&#xE22; &#xE41;&#xE25;&#xE30;&#xE01;&#xE23;&#xE13;&#xE35;&#xE01;&#xE32;&#xE23;&#xE01;&#xE23;&#xE30;&#xE17;&#xE33;&#xE2D;&#xE31;&#xE19;&#xE40;&#xE1B;&#xE47;&#xE19;&#xE01;&#xE32;&#xE23;&#xE25;&#xE30;&#xE40;&#xE21;&#xE34;&#xE14;&#xE2A;&#xE34;&#xE17;&#xE18;&#xE34;&#xE2B;&#xE23;&#xE37;&#xE2D;&#xE40;&#xE2A;&#xE23;&#xE35;&#xE20;&#xE32;&#xE1E; /</subfield>
    <subfield code="c">&#xE2A;&#xE33;&#xE19;&#xE31;&#xE01;&#xE01;&#xE0E;&#xE2B;&#xE21;&#xE32;&#xE22;&#xE41;&#xE25;&#xE30;&#xE04;&#xE14;&#xE35; &#xE2A;&#xE33;&#xE19;&#xE31;&#xE01;&#xE07;&#xE32;&#xE19;&#xE1C;&#xE39;&#xE49;&#xE15;&#xE23;&#xE27;&#xE08;&#xE01;&#xE32;&#xE23;&#xE41;&#xE1C;&#xE48;&#xE19;&#xE14;&#xE34;&#xE19;.</subfield>
  </datafield>
  <datafield tag="250" ind1=" " ind2=" ">
    <subfield code="a">&#xE1E;&#xE34;&#xE21;&#xE1E;&#xE4C;&#xE04;&#xE23;&#xE31;&#xE49;&#xE07;&#xE17;&#xE35;&#xE48; 1</subfield>
  </datafield>
  <datafield tag="260" ind1=" " ind2=" ">
    <subfield code="a">&#xE01;&#xE23;&#xE38;&#xE07;&#xE40;&#xE17;&#xE1E;&#xE2F; :</subfield>
    <subfield code="b">&#xE2A;&#xE33;&#xE19;&#xE31;&#xE01;&#xE01;&#xE0E;&#xE2B;&#xE21;&#xE32;&#xE22;&#xE41;&#xE25;&#xE30;&#xE04;&#xE14;&#xE35; &#xE2A;&#xE33;&#xE19;&#xE31;&#xE01;&#xE07;&#xE32;&#xE19;&#xE1C;&#xE39;&#xE49;&#xE15;&#xE23;&#xE27;&#xE08;&#xE01;&#xE32;&#xE23;&#xE41;&#xE1C;&#xE48;&#xE19;&#xE14;&#xE34;&#xE19;,</subfield>
    <subfield code="c">2564.</subfield>
  </datafield>
  <datafield tag="300" ind1=" " ind2=" ">
    <subfield code="a">291 &#xE2B;&#xE19;&#xE49;&#xE32; ;</subfield>
    <subfield code="c">30 &#xE0B;&#xE21;.</subfield>
  </datafield>
  <datafield tag="650" ind1=" " ind2="4">
    <subfield code="9">54101</subfield>
    <subfield code="a">&#xE1C;&#xE39;&#xE49;&#xE15;&#xE23;&#xE27;&#xE08;&#xE01;&#xE32;&#xE23;&#xE41;&#xE1C;&#xE48;&#xE19;&#xE14;&#xE34;&#xE19;</subfield>
    <subfield code="x">&#xE04;&#xE33;&#xE27;&#xE34;&#xE19;&#xE34;&#xE08;&#xE09;&#xE31;&#xE22;</subfield>
  </datafield>
  <datafield tag="850" ind1=" " ind2=" ">
    <subfield code="a">NALT</subfield>
  </datafield>
  <datafield tag="942" ind1=" " ind2=" ">
    <subfield code="c">LB</subfield>
    <subfield code="2">local</subfield>
  </datafield>
  <datafield tag="998" ind1=" " ind2=" ">
    <subfield code="a">bijaya</subfield>
    <subfield code="c">103</subfield>
    <subfield code="b">phon</subfield>
    <subfield code="j">104</subfield>
    <subfield code="k"> &#xE2A;&#xE32;&#xE22;&#xE1D;&#xE19; &#xE14;&#xE35;&#xE07;&#xE32;&#xE21;</subfield>
  </datafield>
  <datafield tag="999" ind1=" " ind2=" ">
    <subfield code="c">98401</subfield>
    <subfield code="d">98401</subfield>
  </datafield>
  <datafield tag="952" ind1=" " ind2=" ">
    <subfield code="0">0</subfield>
    <subfield code="1">0</subfield>
    <subfield code="2">local</subfield>
    <subfield code="4">0</subfield>
    <subfield code="7">0</subfield>
    <subfield code="8">CLAW</subfield>
    <subfield code="a">NALT</subfield>
    <subfield code="b">NALT</subfield>
    <subfield code="c">LAW</subfield>
    <subfield code="d">2021-06-08</subfield>
    <subfield code="o">KD 301.3 &#xE1C;749&#xE04; 2564</subfield>
    <subfield code="p">3961212182</subfield>
    <subfield code="r">2021-11-11 00:00:00</subfield>
    <subfield code="w">2021-06-08</subfield>
    <subfield code="y">LB</subfield>
  </datafield>
</record>
